Revista peruana de historia de la psicología (Registro nro. 21702)
[ vista simple ]
| 000 -Cabecera | |
|---|---|
| Campo de control interno | 01596nam a2200229Ia 4500 |
| 005 - Fecha y hora del registro | |
| control field | 20260420112016.0 |
| 008 - Elementos de Longitud Fija | |
| fixed length control field | 260320s9999||||xx |||||||||||||| ||und|| |
| 022 ## - ISSN | |
| ISSN | 2414195X |
| 041 ## - Idioma | |
| Codigo Idioma | ESP |
| 082 ## - DEWEY y NOTACIÓN INTERNA | |
| Dewey | HR 150 ENE-DIC 2024 |
| Notación Interna | RPHP |
| 110 ## - AUTOR INSTTITUCIONAL | |
| Autor Institucional | Sociedad Peruana de Historia de la Psicología |
| 245 #0 - TÍTULO DE MATERIAL BIBLIOGRÁFICO | |
| Título | Revista peruana de historia de la psicología |
| 260 ## - CIUDAD, EDITORIAL, AÑO | |
| Nombre de la Editorial | Sociedad Peruana de Historia de la Psicología |
| 300 ## - DESCRIPCIÓN | |
| N° Páginas | 130 páginas : |
| Dimensiones | 24 cm. |
| 505 ## - TABLA DE CONTENIDO | |
| Tabla de Contenido | Vol. 10 (Enero-Diciembre, 2024) - Presentación Artículos - Descifrando el garabato: tres actividades para aprender la psicología guardada en el dato histórico para la evaluación de la asignatura historia de la psicología en México Salvador Iván Rodríguez Preciado - Dicotomías que afectan a la psicología José E. García - La psicología animal en la obra de Ramón y Cajal Virgili Ibanz Serrat - Las pioneras de la psicología experimental: comparación de las trayectorias de Mary Whiton Calkins, Margaret Floy Washburn y Christine Ladd-Franklin Laura Bayona-Pérez, Andrés Libardo Cortés-Valencia, Jairo A. Rozo y Andrés M. Pérez-Acosta - Psicohistoria, mestizaje y mitos andinos. Breve revisión Arturo Orbegoso Galarza Reseña La investigación psicológica en América Latina: Historia, ciencia y formación Daniel Vivanco y Alejandro Castro |
| 650 ## - TEMAS | |
| Temas | Psicología |
| 653 ## - DESCRIPTORES | |
| Lenguajes no controlado | Psicología - Revista |
| 654 ## - PROGRAMAS | |
| Programa | Dpto. de Psicología |
| 856 ## - URL - UBICACIÓN | |
| URI/URL: Enlace exacto del recurso | <a href="https://revistas.ucsp.edu.pe/">https://revistas.ucsp.edu.pe/</a> |
| Nota pública: Versión digital | <a href="Véase además: Revistas académicas UCSP">Véase además: Revistas académicas UCSP</a> |
| 942 ## - ELEMENTOS DE KOHA | |
| Tipo de documento | Revista |
| Nombre del creador | Justo Noguera |
| Código de catalogador | Margarita Torres |
| Esquema de clasificación | Dewey Decimal Classification |
| Codigo completo | Registro | Colección | Copia número | Disponibilidad | Tipo de préstamo | Biblioteca Actual | Procedencia (Biblioteca) | Ubicacón | Fecha Ingreso | Tipo de Adquisición | Date last seen | Total checkouts | Price effective from | Tipo de Item | Estado del Material | Fuente de Clasificación | Damaged status | Withdrawn status |
|---|---|---|---|---|---|---|---|---|---|---|---|---|---|---|---|---|---|---|
| HR 150 ENE-DIC 2024 RPHP | 1085249 | Universidad Católica San Pablo | 1 | Disponible | Disponible | Víctor Andrés Belaunde | Víctor Andrés Belaunde | Planta baja abierta | 07/04/2026 | Donación | 07/04/2026 | 07/04/2026 | Revista | Bueno | Dewey Decimal Classification |




